000 00236nam a2200097Ia 4500
008 230915s9999 xx 000 0 und d
050 _aQA 152.2 .A94 1999
100 _aAUFMANN,RICHARD M.
245 0 _aINTRODUCTORY ALGEBRA
942 _cBK
999 _c185296
_d185296